|
|
|
|
| LEADER |
00000cam a2200000 i 4500 |
| 001 |
1/8156 |
| 008 |
000626s1999 gr | ||| |||| ||gre|| |
| 020 |
|
|
|a 9605310317
|
| 020 |
|
|
|a 9789605310318
|
| 035 |
|
|
|l 10062570
|
| 040 |
|
|
|a GR-MyUA
|b gre
|e AACR2
|
| 041 |
1 |
|
|a gre
|h eng
|
| 082 |
0 |
|
|a 003.830113
|2 (22)
|
| 100 |
1 |
|
|a Khoshnevis, Behrokh.
|
| 245 |
1 |
0 |
|a Προσομοίωση διακριτών συστημάτων /
|c Behrokh Khoshnevis ; επιμέλεια έκδοσης Π. Γεωργιάδης, Γ. Γυφτοδήμος ; μετάφραση Αννα Σωτηροπούλου.
|
| 260 |
|
|
|a Αθήνα :
|b Δίαυλος,
|c 1999.
|
| 300 |
|
|
|a 374 σ. :
|b εικ. ;
|c 24 εκ. +
|e 1 δισκέτα Η/Υ.
|
| 504 |
|
|
|a Περιλαμβάνει ευρετήριο.
|
| 650 |
0 |
0 |
|a Discrete-time systems.
|
| 650 |
0 |
0 |
|a System theory.
|
| 650 |
0 |
0 |
|a System analysis.
|
| 650 |
0 |
0 |
|a System design.
|
| 650 |
0 |
0 |
|a Computer simulation.
|
| 650 |
0 |
0 |
|a Discrete-time systems
|x Computer simulation.
|
| 700 |
1 |
|
|a Γεωργιάδης, Παναγιώτης Ν.
|e edt
|
| 700 |
1 |
|
|a Γυφτοδήμος, Γεώργιος,
|e edt
|
| 700 |
1 |
|
|a Σωτηροπούλου, Αννα,
|e trlf
|
| 765 |
0 |
8 |
|i Μετάφραση του:
|t Discrete systems simulation /
|
| 852 |
|
|
|a INST
|b SAMOS
|e 20000626
|h 003.830113 KHO
|p 005300015843
|q 005300015843
|t BK
|y 23
|
| 852 |
|
|
|a INST
|b SAMOS
|e 20000626
|h 003.830113 KHO
|p 005300017981
|q 005300017981
|t BK
|y 23
|
| 852 |
|
|
|a INST
|b SAMOS
|c EUDOXUS
|e 20130218
|h 003.830113 KHO
|p 005300033398
|q 005300033398
|t EDX
|y 0
|
| 852 |
|
|
|a INST
|b SAMOS
|c EUDOXUS
|e 20131216
|h 003.830113 KHO
|p 005300036183
|q 005300036183
|t EDX
|y 0
|
| 852 |
|
|
|a INST
|b SAMOS
|c EUDOXUS
|e 20131216
|h 003.830113 KHO
|p 005300036184
|q 005300036184
|t EDX
|y 0
|
| 852 |
|
|
|a INST
|b SAMOS
|c EUDOXUS
|e 20130218
|h 003.830113 KHO
|p 005300033399
|q 005300033399
|t EDX
|y 0
|
| 852 |
|
|
|a INST
|b SAMOS
|c EUDOXUS
|e 20150115
|h 003.830113 ΚΗΟ
|p 005300041198
|q 005300041198
|t EDX
|y 0
|
| 852 |
|
|
|a INST
|b SAMOS
|c EUDOXUS
|e 20150115
|h 003.830113 ΚΗΟ
|p 005300041199
|q 005300041199
|t EDX
|y 0
|
| 901 |
|
|
|a BIBL3-2015-1
|
| 901 |
|
|
|a BIBL3-2013-3
|
| 901 |
|
|
|a BIBL3-2013-1
|
| 901 |
|
|
|a BIBL3-2000-2
|
| 909 |
|
|
|a Σ
|b 185820
|
| 909 |
|
|
|a Σ
|b 185821
|
| 909 |
|
|
|a Σ
|b 184368
|
| 909 |
|
|
|a Σ
|b 184369
|
| 909 |
|
|
|a Σ
|b 172573
|
| 909 |
|
|
|a Σ
|b 172578
|
| 909 |
|
|
|a Σ
|b 071861
|
| 909 |
|
|
|a Σ
|b 067720
|
| 920 |
|
|
|a ΕΥΔΟΞΟΣ
|b ΠΑΡΑΓΓΕΛΙΑ
|y Σάμος-ΤΣΑΧΜ
|z 2014-12
|
| 920 |
|
|
|a ΕΥΔΟΞΟΣ
|b ΠΑΡΑΓΓΕΛΙΑ
|y Σάμος-ΤΣΑΧΜ
|z 2013-12
|
| 920 |
|
|
|a ΕΥΔΟΞΟΣ
|b ΠΑΡΑΓΓΕΛΙΑ
|y Σάμος-ΤΣΑΧΜ
|z 2013-02
|
| 922 |
|
|
|a 3ΕΛΗ
|b 199912
|c ΒΙΒΛΙΟΘΗΚΗ
|d ΠΑΠΑΣΩΤΗΡΙΟΥ
|
| 970 |
|
|
|z 2014/03/
|
| 970 |
|
|
|z 2000/06/ΠΑΝΤΖΑΛΗ
|